000 00615nam a2200229Ia 4500
003 OSt
005 20221006164420.0
006 a|||||r|||| 00| 0
007 ta
008 221006b |||||||| |||| 00| 0 hin d
024 _a5,621
037 _cTextual
040 _aFML
_cFML
_bhin
041 _2hin
_ahin
082 _aQ22:23, 15J6
100 _aSharma Devi Sahai Au.
_9677419
245 0 _aShrimad Garg Samhita
260 _aMumbai
_bShri Vainkateshwar Press India
_c1956
300 _a429
_ccm.
942 _hQ22:23, 15J6
_cTEXL
_2CC
999 _c1117195
_d1117195